书目信息 |
| 题名: |
弹道导弹防御计划与国际安全
|
|
| 作者: | 朱锋 著 | |
| 分册: | ||
| 出版信息: | 上海 上海人民出版社 2001 |
|
| 页数: | 716页 | |
| 开本: | 21cm | |
| 丛书名: | 当代国际政治丛书 | |
| 单 册: | ||
| 中图分类: | E712.1 , D815.5 | |
| 科图分类: | ||
| 主题词: | 国家安全--研究--世界 , 弹道导弹--战略防御--战略计划--美国--现代 | |
| 电子资源: | ||
| ISBN: | 7-208-03777-9 | |
| 000 | 01040nam0 2200289 450 | |
| 000 | 01077nam0 2200301 450 | |
| 000 | 01008nam0 2200277 450 | |
| 000 | 00971nam 2200265 45 | |
| 005 | 20070529164933.12 | |
| 010 | @a7-208-03777-9@dCNY36.00 | |
| 100 | @a20060213d2001 ekmy0chiy0120 ea | |
| 101 | 0 | @achi |
| 102 | @aCN@b310000 | |
| 105 | @ay z 000yy | |
| 200 | 1 | @a弹道导弹防御计划与国际安全@ADan Dao Dao Dan Fang Yu Ji Hua Yu Guo Ji An Quan@f朱锋著@FZhu Feng Zhu |
| 210 | @a上海@c上海人民出版社@d2001 | |
| 215 | @a716页@d21cm | |
| 225 | 2 | @a当代国际政治丛书 |
| 330 | @a本书内溶涉及美国战略防御思想的历史沿革以及后冷战时代美国国内政治与导弹防御计划之间的关系;涉及了国际军控、导弹管制国际机制、美俄关系、美欧关系、中美关系以及东亚地区安全等若干领域。 | |
| 410 | 0 | @12001 @a当代国际政治丛书 |
| 606 | 0 | @a国家安全@x研究@y世界 |
| 606 | 0 | @a弹道导弹@x战略防御@x战略计划@y美国@z现代 |
| 690 | @aE712.1@v4 | |
| 690 | @aD815.5@v4 | |
| 701 | 0 | @a朱锋@AZhu Feng@4著 |
| 801 | 0 | @aCN@bFYSX@c20070529 |
| 905 | @a10447@dE712.1@e62 | |
| 弹道导弹防御计划与国际安全/朱锋著.-上海:上海人民出版社,2001 |
| 716页;21cm.-(当代国际政治丛书) |
| ISBN 7-208-03777-9:CNY36.00 |
| 本书内溶涉及美国战略防御思想的历史沿革以及后冷战时代美国国内政治与导弹防御计划之间的关系;涉及了国际军控、导弹管制国际机制、美俄关系、美欧关系、中美关系以及东亚地区安全等若干领域。 |
| ● |
| 相关链接 |
|
|
|
|
正题名:弹道导弹防御计划与国际安全
索取号:E712.1/62
 
预约/预借
| 序号 | 登录号 | 条形码 | 馆藏地/架位号 | 状态 | 备注 |
| 1 | 0511006 | 205110066 | 第一借阅区/ [索取号:E712.1/62] | 在馆 | |
| 2 | 0511007 | 205110075 | 第一借阅区/ [索取号:E712.1/62] | 在馆 | |
| 3 | 0511008 | 205110084 | 密集书库/ [索取号:E712.1/62] | 在馆 | |
| 4 | 0511009 | 205110093 | 第一借阅区/ [索取号:E712.1/62] | 在馆 | |
| 5 | 0511010 | 205110100 | 密集书库/ [索取号:E712.1/62] | 在馆 | |
| 6 | 0511011 | 205110119 | 第一借阅区/ [索取号:E712.1/62] | 在馆 | |
| 7 | 0511012 | 205110128 | 密集书库/ [索取号:E712.1/62] | 在馆 | |
| 8 | 0511013 | 205110137 | 第一样本阅览室/ [索取号:E712.1/62] | 在馆 |